| 000 | 00395cam a22001217a 4500 | ||
|---|---|---|---|
| 008 | 180718b1980 xxu||||| |||| 00| 0 eng d | ||
| 082 | _aA75 G949G | ||
| 245 |
_aGujarat state gazetteers: Gandhinagar _cedited by S.B. Rajyagor and S. Tripathy |
||
| 260 |
_aAhmedabad _bGovernment Printing, Stationery and Publications _c1980 |
||
| 300 | _a417+p. | ||
| 700 | _aTripathy, S. | ||
| 700 | _aRajyagor, S.B. | ||
| 999 |
_c486937 _d486937 |
||